Normal view
MARC view
- Company Law
Entry Topical Term
001 - CONTROL NUMBER
- control field: 15
003 - CONTROL NUMBER IDENTIFIER
- control field: JO-AjAnu
005 - DATE AND TIME OF LATEST TRANSACTION
- control field: 20230606070313.0
008 - FIXED-LENGTH DATA ELEMENTS
- fixed length control field: 230606|| aca||aabn | a|a d
040 ## - CATALOGING SOURCE
- Original cataloging agency: JO-AjAnu
- Transcribing agency: JO-AjAnu
150 ## - HEADING--TOPICAL TERM
- Topical term or geographic name entry element: Company Law
670 ## - SOURCE DATA FOUND
- Source citation: Work cat.: (JO-AjAnu)11: Porwal K L.M, author 14, Company Law